| 000 | 01055cam a22001934a 4500 | ||
|---|---|---|---|
| 005 | 20250605164143.0 | ||
| 008 | 250528s ||||||||||||||||||||||||d | ||
| 035 | _a19061 | ||
| 040 |
_aGR-AtMCL _bgre _dGR-AtMCL _eAACR2 |
||
| 245 | 1 | _aΑρχές Λειτουργίας και Οργάνωσης Γραφείου | |
| 260 |
_bInterbooks, _c1989 |
||
| 300 | _a216 | ||
| 520 | _aΤο Γραφείο στη Σύγχρονη Εποχή, Το Προσωπικό των Γραφείων μιας Σύγχρονης Επιχείρησης, Διοίκηση - Οργάνωση Γραφείου, Το Περιβάλλον του Γραφείου, Μηχανές Γραφείου και Επικοινωνίας, Εμπορική Αλληλογραφία - Διοικητική Πρακτική, Οργάνωση Γραφείου, Δημόσιες Σχέσεις. | ||
| 700 | 1 |
_aΣφακιανος Κωνσταντινος Γρηγ _92485 |
|
| 700 | 1 |
_aΣφακιανός Παναγιώτης Γρηγ _95329 |
|
| 942 | _cBK | ||
| 999 |
_c4344 _d4344 |
||